Salud pública conceptos, aplicaciones y desafíos (Registro nro. 317099)

Detalles MARC
000 -ENCABEZADO
Número de control [NR] 00825nam a2200229 a 4500
005 - FECHA Y HORA DE LA ÚLTIMA TRANSACCIÓN
control field 20200408075244.0
008 - DE LONGITUD FIJA DE DATOS DE ELEMENTOS - INFORMACIÓN GENERAL
Elementos de longitud fija [NR] 200313s2020 sp a|||fr|||| 00| 0 spa d
020 ## - NUMERO INTERNACIONAL NORMALIZADO PARA LIBROS [R]
Número Internacional Normalizado del libro [NR] 9789588443805 (3a.Ed.)
040 ## - FUENTE DE CATALOGACION [NR]
Agencia de catalogación original [NR] CO-BoUCM
Idioma de catalogación [NR] spa
Quien Cataloga Deissy Garcia
Quien Clasifica Deissy Garcia
041 0# - CODIGO DE IDIOMA [R]
Código de idioma para texto/pista de sonido o título separado [R] Español
060 ## - SIGNATURA TOPOGRAFICA DE LA BIBLIOTECA NACIONAL DE MEDICINA (NLM) [R]
Número clasificador [R] WA 100
100 1# - ASIENTO PRINCIPAL--NOMBRE PERSONAL [NR]
Nombre personal [NR] Malagón-Londoño, Gustavo
ID Autoridad 30394
245 ## - MENCION DE TITULO [NR]
Título [NR] Salud pública conceptos, aplicaciones y desafíos
Mención de responsabilidad, etc. [NR] Gustavo Malagón Londoño, Jairo Reynales Londoño
250 ## - MENCION DE EDICION [NR]
Mención de edición [NR] 3a.Ed.
260 ## - PUBLICACION, DISTRIBUCION, ETC. (PIE DE IMPRENTA) [R]
Nombre del editor, distribuidor, etc. [R] Médica Panamericana
Fecha de publicación, distribución, etc. [R] 2020
Lugar de publicación, distribución, etc. [R] Madrid
300 ## - DESCRIPCION FISICA [R]
Extensión [R] xxi, 820 páginas
Otros detalles físicos [NR] ilustraciones
504 ## - NOTA DE BIBLIOGRAFIA, ETC. [R]
Nota de bibliografía, etc. [NR] Incluye referencias bibliográficas e índices
650 17 - ASIENTO SECUNDARIO DE MATERIA - TERMINO TEMATICO [R]
9 (RLIN) 8073
Término temático o nombre geográfico como elemento de entrada [NR] Salud pública
650 17 - ASIENTO SECUNDARIO DE MATERIA - TERMINO TEMATICO [R]
9 (RLIN) 21645
Término temático o nombre geográfico como elemento de entrada [NR] Planificación de la salud
700 1# - ASIENTO SECUNDARIO - NOMBRE PERSONAL [R]
Nombre personal [NR] Londoño, Reynales
9 (RLIN) 100436
942 ## - ELEMENTOS DE ENTRADA AGREGADOS (KOHA)
Tipo de ítem principal el descrito en 300a Libro
Sistema de clasificación NLM
Tema principal Ciencias de la salud
Edición 3
Clasificación WA 100
Parte restante de la signatura top. M236s
Existencias
Fecha de último préstamo Total préstamos Total Renewals Signatura topográfica Código de barras Última vez visto Volúmen / Fascículo Ejemplar Costo de reposición Price effective from Tipo de ítem Perdido Sistema de clasificación Dañado No prestable Tipo de ítem específico Suprimido Ubicación habitual Ubicación actual Localización Fecha de creación Proveedor Forma de adquisición Costo
29/03/2025 2 1 WA 100 M236s 100165618 12/12/2025 3a.Ed. Ej.1 26000.00 28/01/2020 Libro   NLM     Libro   Quinta de Mutis Quinta de Mutis 1er piso 28/01/2020 12 Donación 0.00